[Event "43rd North Shore Open"]
[Site "Auckland NZL"]
[Date "2016.08.20"]
[Round "1.1"]
[White "Hague, Ben"]
[Black "Krstev, Antonio"]
[Result "1-0"]
[WhiteElo "2480"]
[BlackElo "2086"]
[PlyCount "75"]
[EventDate "2016.08.20"]

1. e4 d6 2. d4 Nf6 3. Nc3 g6 4. f4 Bg7 5. Nf3 Bg4 6. h3 Bxf3 7. Qxf3 c6 8. Be3
Qa5 9. Bc4 b5 10. Bb3 b4 11. Ne2 d5 12. e5 Ne4 13. f5 Nd7 14. O-O O-O 15. fxg6
hxg6 16. h4 Qb6 17. h5 gxh5 18. Nf4 Qc7 19. Bxd5 cxd5 20. Nxd5 Qd8 21. Qxe4 e6
22. Nf4 Qh4 23. Qf3 Rac8 24. Rac1 Bh6 25. Nh3 Bg7 26. Qb7 Nb6 27. Rf4 Qg3 28.
Rf3 Qg4 29. Ng5 Nd5 30. Rxf7 Rxf7 31. Qxf7+ Kh8 32. Qg6 Qf5 33. Nf7+ Qxf7 34.
Qxf7 Nxe3 35. Qxe6 Rd8 36. Qh3 Nd5 37. Qxh5+ Kg8 38. Rf1 1-0

[Event "43rd North Shore Open"]
[Site "Auckland NZL"]
[Date "2016.08.20"]
[Round "1.2"]
[White "Fan, Allen Chi Zhou"]
[Black "Capel, Evan T"]
[Result "1-0"]
[WhiteElo "2053"]
[BlackElo "2411"]
[PlyCount "131"]
[EventDate "2016.08.20"]

1. Nf3 b5 2. e3 a6 3. a4 b4 4. d4 e6 5. c4 Nf6 6. Nbd2 Bb7 7. Bd3 c5 8. Nb3 d6
9. O-O Be7 10. Qc2 Bxf3 11. gxf3 O-O 12. Kh1 Qb6 13. Rg1 Kh8 14. Qe2 Nbd7 15.
f4 Rac8 16. f3 cxd4 17. exd4 Qc6 18. Bd2 Rfe8 19. Rgc1 e5 20. fxe5 dxe5 21. d5
Qa8 22. Na5 Bd6 23. Nc6 Nc5 24. Bf5 Rxc6 25. dxc6 Qxc6 26. Rg1 e4 27. Qg2 Bf8
28. Raf1 e3 29. Bxb4 g6 30. Bc3 Bg7 31. Bc2 Nxa4 32. Bxa4 Qxa4 33. Qe2 Qc6 34.
b4 Nh5 35. Bxg7+ Kxg7 36. Rg4 f5 37. Rd4 g5 38. b5 axb5 39. cxb5 Qf6 40. Rd7+
Kh8 41. Qc4 Nf4 42. b6 Qb2 43. Qd4+ Qxd4 44. Rxd4 Rb8 45. Rd6 e2 46. Rc1 Re8
47. Re1 Re7 48. Rc6 Nd5 49. Kg1 Rb7 50. Rc5 Rd7 51. Rxe2 Nxb6 52. Rxf5 h6 53.
Re6 Rd1+ 54. Kg2 Nd5 55. Kf2 Kg7 56. Rd6 Nc3 57. Rxd1 Nxd1+ 58. Ke2 Nc3+ 59.
Kd3 Nd1 60. Ke2 Nc3+ 61. Kd2 Na4 62. Rb5 Kg6 63. Kc2 Kh5 64. Kb3 Kh4 65. Kxa4
Kh3 66. Rb2 1-0

[Event "43rd North Shore Open"]
[Site "Auckland NZL"]
[Date "2016.08.20"]
[Round "1.3"]
[White "McLaren, Leonard J"]
[Black "Johns, Daniel P"]
[Result "1-0"]
[WhiteElo "2340"]
[BlackElo "1979"]
[PlyCount "59"]
[EventDate "2016.08.20"]

1. e4 e5 2. Nf3 Nc6 3. Nc3 Nf6 4. g3 Bb4 5. Bg2 O-O 6. d3 d6 7. O-O Bg4 8. h3
Be6 9. Ng5 a6 10. Be3 d5 11. Nxe6 fxe6 12. Ne2 Qd6 13. c3 Bc5 14. d4 Ba7 15.
dxe5 Nxe5 16. Bxa7 Rxa7 17. exd5 exd5 18. Nf4 c6 19. Re1 Raa8 20. Qb3 Nfd7 21.
Rad1 Qf6 22. Qc2 Rae8 23. Re3 Kh8 24. Rde1 Qf7 25. Qe2 g5 26. Nh5 Nd3 27. Rxe8
Nxe1 28. Rxf8+ Nxf8 29. Qe5+ Kg8 30. Nf6+ 1-0

[Event "43rd North Shore Open"]
[Site "Auckland NZL"]
[Date "2016.08.20"]
[Round "1.4"]
[White "Hair, Philip I"]
[Black "Gong, Daniel Hanwen"]
[Result "0-1"]
[WhiteElo "1942"]
[BlackElo "2264"]
[PlyCount "138"]
[EventDate "2016.08.20"]

1. e4 c5 2. Nc3 a6 3. g3 b5 4. Bg2 Bb7 5. d3 e6 6. Nh3 Be7 7. f4 d5 8. O-O Nf6
9. f5 b4 10. fxe6 fxe6 11. Nf4 Qd6 12. e5 Qxe5 13. Re1 Qc7 14. Nxe6 Qb6 15. Na4
Qc6 16. Naxc5 Bxc5+ 17. Nxc5+ Kf7 18. d4 Nbd7 19. Re6 Qxe6 20. Nxe6 Kxe6 21.
Qe1+ Kf7 22. Qxb4 Bc6 23. Qd6 Rac8 24. Bh3 Rhe8 25. Bg5 Ne4 26. Qf4+ Kg8 27.
Qh4 h6 28. Bf4 Rcd8 29. Bxh6 gxh6 30. Qxh6 Ndf6 31. Qg6+ Kf8 32. Qh6+ Kg8 33.
Rf1 Rd6 34. Qg6+ Kf8 35. Rf5 Bd7 36. Re5 Bxh3 37. Qh6+ Kf7 38. Qxh3 Rde6 39.
Qf5 Nd2 40. Qf2 Nc4 41. Rxe6 Rxe6 42. c3 Ke7 43. Qf4 Nxb2 44. Qc7+ Nd7 45. Qb7
Nd1 46. Qb4+ Kf7 47. Qb7 Ke8 48. Qc8+ Ke7 49. Qb7 Ne3 50. Qb4+ Ke8 51. Qa4 Ke7
52. Qb4+ Kf7 53. Qb7 Ke8 54. Qc8+ Ke7 55. Qc7 Rf6 56. h4 Nf5 57. h5 Nd6 58. g4
Rf4 59. Qa5 Rxg4+ 60. Kf1 Ke6 61. Qxa6 Rh4 62. Qe2+ Ne4 63. Kg2 Ndf6 64. a4
Nxh5 65. Kg1 Rh1+ 66. Kxh1 Nhg3+ 67. Kg2 Nxe2 68. a5 N2xc3 69. Kf3 Kd6 0-1

[Event "43rd North Shore Open"]
[Site "Auckland NZL"]
[Date "2016.08.20"]
[Round "1.5"]
[White "Polishchuk, Kirill"]
[Black "Zhang, Jasmine Haomo"]
[Result "1-0"]
[WhiteElo "2231"]
[BlackElo "1940"]
[PlyCount "93"]
[EventDate "2016.08.20"]

1. e4 c5 2. Nc3 Nc6 3. f4 d6 4. Nf3 g6 5. Bc4 Bg7 6. O-O e6 7. Ng5 Nh6 8. d3
O-O 9. a4 Qe7 10. Kh1 Kh8 11. Be3 f6 12. Nh3 f5 13. Qe2 Bd7 14. Rae1 Rae8 15.
Ng5 Nd4 16. Bxd4 cxd4 17. Nb5 e5 18. Nc7 Rc8 19. Nce6 Bxe6 20. Bxe6 Rce8 21.
Bb3 Ng4 22. exf5 gxf5 23. h3 Ne3 24. Qh5 Bf6 25. Nf7+ Rxf7 26. Bxf7 Rf8 27. Bb3
Nxf1 28. Rxf1 Bg7 29. fxe5 dxe5 30. Rxf5 Rxf5 31. Qxf5 Qf8 32. Bf7 b6 33. Qd7
a5 34. Qb7 Qd8 35. Bd5 Qf6 36. Qb8+ Qf8 37. Qxb6 Qf1+ 38. Kh2 Qf4+ 39. g3 Qd2+
40. Bg2 Kg8 41. Qc7 Kf8 42. h4 h6 43. Kh3 Bf6 44. Bd5 Be7 45. Qc8+ Kg7 46. Qg8+
Kf6 47. Qf7# 1-0

[Event "43rd North Shore Open"]
[Site "Auckland NZL"]
[Date "2016.08.20"]
[Round "1.6"]
[White "Riding, Christopher L"]
[Black "Ang, Alphaeus Wei Ern"]
[Result "0-1"]
[WhiteElo "1844"]
[BlackElo "2210"]
[PlyCount "72"]
[EventDate "2016.08.20"]

1. e4 d5 2. exd5 Qxd5 3. Nf3 Bg4 4. Be2 Nc6 5. Nc3 Qa5 6. O-O O-O-O 7. h3 Bh5
8. Ne4 Nf6 9. Ng3 Bg6 10. d3 e6 11. Be3 Bd6 12. Qd2 Bb4 13. Qc1 Nd5 14. a3 Bd6
15. b4 Qa4 16. c4 Nxe3 17. Qxe3 Bxg3 18. fxg3 Qc2 19. Rad1 Qb2 20. d4 Qc2 21.
b5 Ne7 22. d5 b6 23. Ng5 Nf5 24. Qf3 Kb8 25. g4 Nh4 26. Qe3 exd5 27. Rd2 d4 28.
Qf4 Qc3 29. Nf3 Nxf3+ 30. Rxf3 d3 31. Kf2 Rhe8 32. Bf1 Rd4 33. Rdxd3 Qe1+ 34.
Kg1 Rxf4 35. Rxf4 Bxd3 36. Rxf7 Bxc4 0-1

[Event "43rd North Shore Open"]
[Site "Auckland NZL"]
[Date "2016.08.20"]
[Round "1.7"]
[White "Morrell, Gordon"]
[Black "Picken, Oliver"]
[Result "1/2-1/2"]
[WhiteElo "2161"]
[BlackElo "1751"]
[PlyCount "57"]
[EventDate "2016.08.20"]

1. Nf3 f5 2. c4 Nf6 3. Nc3 e6 4. g3 d5 5. d4 c6 6. Bg2 Bd6 7. O-O O-O 8. Bg5
Nbd7 9. Qc2 h6 10. Bf4 Bxf4 11. gxf4 Ne4 12. e3 b6 13. Ne5 Bb7 14. Nxe4 fxe4
15. f3 Nxe5 16. dxe5 exf3 17. Rxf3 d4 18. Qg6 Qd7 19. Rd1 c5 20. Rh3 Bxg2 21.
Qxg2 Kh8 22. Qe4 Qa4 23. b3 Qxa2 24. exd4 cxd4 25. Qxd4 Qe2 26. Rf1 Rad8 27.
Qf2 Qe4 28. Qf3 Qd4+ 29. Qf2 1/2-1/2

[Event "43rd North Shore Open"]
[Site "Auckland NZL"]
[Date "2016.08.20"]
[Round "1.8"]
[White "Ha, Huy Minh (Timothy)"]
[Black "Browne, Jeremy A"]
[Result "0-1"]
[WhiteElo "1746"]
[BlackElo "2136"]
[PlyCount "86"]
[EventDate "2016.08.20"]

1. c4 c5 2. Nc3 Nf6 3. e4 Nc6 4. g3 g6 5. Bg2 Bg7 6. Nge2 d6 7. O-O O-O 8. d3
Bd7 9. a3 Qc8 10. Rb1 Bh3 11. b4 Bxg2 12. Kxg2 Qd7 13. h3 h6 14. b5 Nd4 15.
Nxd4 cxd4 16. Ne2 Nh7 17. h4 e5 18. Ng1 f5 19. f3 fxe4 20. fxe4 Rxf1 21. Qxf1
Rf8 22. Qe2 Nf6 23. Bd2 Ng4 24. Rf1 Rxf1 25. Kxf1 a6 26. a4 h5 27. Kg2 Bh6 28.
Bxh6 Nxh6 29. Nh3 Ng4 30. Nf2 Ne3+ 31. Kh2 Qd8 32. Nd1 Ng4+ 33. Kg2 Qa5 34. Nb2
Qc3 35. Nd1 Qb3 36. Nb2 Kf7 37. Qd2 Qc3 38. Qe2 Ke7 39. Nd1 Qc1 40. Nb2 Kd7 41.
Nd1 Qxd1 42. Qa2 Ne3+ 43. Kh2 Qf1 0-1